Walden, či, Život v lesích /

Hlavní autor: Thoreau, Henry David, 1817-1862
Další autoři: Seifert, Miloš, 1887-1941
Jazyk: Čeština
Vydáno: Praha : B.Z. Nekovařík, 1924
Edice: Walden (B.Z. Nekovařík)
Externí odkaz: Digitalizovaný dokument
Fyzický popis: 276 s., [1] l. obr. příl. : 1 portrét ; 20 cm
Knihy
Uloženo v:
LEADER 01095nam a22003132a 4500
001 000258213
003 CZ BrMZK
005 20181212125432.0
007 ta
008 950101s1924 xr af f cze d
015 |a cnb000348770 
035 |a (OCoLC)7158115 
040 |a ABA001  |b cze  |c OSA001  |d ABA001 
041 1 |a cze  |h eng 
100 1 |a Thoreau, Henry David,  |d 1817-1862  |7 jn20000605316  |4 aut 
240 1 0 |a Walden.  |l Česky 
245 1 0 |a Walden, či, Život v lesích /  |c naps. Henry David Thoreau ; se životop. studií Ralph Waldo Emersona ; přel. Miloš Seifert 
246 3 0 |a Život v lesích 
260 |a Praha :  |b B.Z. Nekovařík,  |c 1924 
300 |a 276 s., [1] l. obr. příl. :  |b 1 portrét ;  |c 20 cm 
490 1 |a Walden ;  |v sv. 6 
500 |a Přeloženo z angličtiny 
700 1 |a Seifert, Miloš,  |d 1887-1941  |7 jk01110662  |4 trl 
830 0 |a Walden (B.Z. Nekovařík)  |0 s 
856 4 1 |u http://www.digitalniknihovna.cz/mzk/uuid/uuid:0ba18860-ce3d-11e4-8565-005056827e52  |y Digitalizovaný dokument  |x NDK 
910 |a BOA001  |b 2-0072.788,6 
990 |a BK 
993 |a Y 
991 |b 201408